01537nam a22002537a 4500003000400000005001700004008004100021020001800062040001400080041000800094082001300102100004000115245009500155264003600250300005900286521053500345650005200880650005700932650005600989700003701045942001501082999001701097952016901114OSt20260319194416.0260319b ||||| |||| 00| 0 spa d a9789583059254 cCO-Mq BPB aSpa aC bCABh aCaballero Calderon, Eduardo eautor aHistoria en cuentos 2; bLa conquista de ElDorado, los tres capitanes y la varita mágica aBogotá; bPanamericana,c2020 a68 páginas;bTapa dura, ilustraciones a color,c20cm aEn este volumen se narran episodios relacionados con la conquista del territorio colombiano, especialmente el encuentro de los conquistadores Jiménez de Quesada, Belalcázar y Federmán en la sabana de Bacatá, así como la fundación de Santafé de Bogotá. La historia se cuenta a través de un personaje ficticio, Santiaguillo, un joven indígena muisca que acompaña a los españoles en su recorrido. Gracias a su perspectiva, el lector puede ver los hechos tanto desde el punto de vista europeo como indígena. aConquista de América (especialmente Colombia) aEncuentro entre culturas (indígenas y españoles) aIdentidad y origen de los pueblos hispanoamericanos aTorres, Nora Estelaeilustradora 2ddccBKLIT c16199d16199 00102ddc40708LIaBPMOSbBPMOScFICd2026-03-19eCompra 2025iNTl1oC CABhpMOS504779q2026-06-15r2026-05-28s2026-05-28tEj.1w2026-03-19yBKLITzQuince dias